|
|
|
|
| LEADER |
00895nam a2200241 a 4500 |
| 001 |
3855372 |
| 008 |
091125s1989 nyuab b 001 0 eng d |
| 010 |
|
|
|\ \\88013110
|
| 020 |
|
|
|a 0070424292
|
| 040 |
|
|
|a DLC
|c DLC
|d DLC
|
| 082 |
0 |
0 |
|a 331/.0973
|2 19
|
| 100 |
1 |
|
|a Mills, Daniel Quinn.
|
| 245 |
1 |
0 |
|a Labor-management relations /
|c Daniel Quinn Mills.
|
| 250 |
|
|
|a 4th ed.
|
| 260 |
|
|
|a New York :
|b McGraw-Hill,
|c c1989.
|
| 300 |
|
|
|a xvii, 670 p. :
|b ill., map ;
|c 24 cm.
|
| 504 |
|
|
|a Includes bibliographical references and indexes.
|
| 541 |
1 |
|
|e 00006043
|
| 650 |
|
0 |
|a Industrial relations
|z United States.
|
| 650 |
|
0 |
|a Industrial relations.
|
| 852 |
4 |
|
|a Ayesha Abed Library
|j General shelf
|
| 999 |
|
|
|c 5831
|d 5831
|
| 952 |
|
|
|0 0
|1 0
|2 ddc
|4 0
|6 331_097300000000000_MIL_1989
|7 0
|9 5801
|a BRACUL
|b BRACUL
|c GEN
|d 2009-12-02
|g 940.00
|l 5
|m 29
|o 331.0973 MIL
|p 3010006043
|r 2015-05-31
|s 2015-05-07
|t 1
|v 1880.00
|w 2009-12-02
|y BK
|